000 00670nab a2200181 4500
001 244442
003 OSt
005 20240910084150.0
007 tu
008 200917s2020|||||||
040 _aDE-2950
_cDE-2950
245 0 0 _aEvangelisches Gymnasium startet in Grundschule
_bBildung. Die neue Schule hat noch kein eigenes Gebäude, denn die Sanierung von Räumen in der Alten Post steht weiter aus. Los ging es daher jetzt an einem anderen Ort/
_cLisa Larossa
264 _c2024
653 _aFrankfurt (Oder)
653 _aEvangelisches Gymnasium
773 0 _g35. Jahrgang (2024) Nr. 210 vom 07.09.2024, S. 15, mit Foto
_tMärkische Oderzeitung
942 _2z
_cA
999 _c373325
_d373325